Ecología y derecho Principios de derecho ambiental y ecología jurídica (Registro nro. 22646)

Detalles MARC
000 -ENCABEZADO
Número de control [NR] 00854nam a2200229Ia 4500
008 - DE LONGITUD FIJA DE DATOS DE ELEMENTOS - INFORMACIÓN GENERAL
Elementos de longitud fija [NR] 130821s1992 sp gr spa
020 ## - NUMERO INTERNACIONAL NORMALIZADO PARA LIBROS [R]
Número Internacional Normalizado del libro [NR] 8487708641
040 ## - FUENTE DE CATALOGACION [NR]
Agencia de catalogación original [NR] Co-BoUCM
Idioma de catalogación [NR] spa
041 00 - CODIGO DE IDIOMA [R]
Código de idioma para texto/pista de sonido o título separado [R] Español
100 ## - ASIENTO PRINCIPAL--NOMBRE PERSONAL [NR]
Nombre personal [NR] Serrano Moreno, José Luis
Fechas asociadas con el nombre [NR] 1960-
ID Autoridad 156793
245 00 - MENCION DE TITULO [NR]
Título [NR] Ecología y derecho Principios de derecho ambiental y ecología jurídica
Mención de responsabilidad, etc. [NR] José Luis Serrano Moreno
250 ## - MENCION DE EDICION [NR]
Mención de edición [NR] 2a. ed.
260 ## - PUBLICACION, DISTRIBUCION, ETC. (PIE DE IMPRENTA) [R]
Lugar de publicación, distribución, etc. [R] Granada (Andalucía, España)
Nombre del editor, distribuidor, etc. [R] Comares
Fecha de publicación, distribución, etc. [R] 1992
300 ## - DESCRIPCION FISICA [R]
Extensión [R] 308 páginas [parte 1]
490 ## - MENCION DE SERIE [R]
Mención de serie [R] Biblioteca Comares de Ciencias Jurídicas
504 ## - NOTA DE BIBLIOGRAFIA, ETC. [R]
Nota de bibliografía, etc. [NR]
650 04 - ASIENTO SECUNDARIO DE MATERIA - TERMINO TEMATICO [R]
Término temático o nombre geográfico como elemento de entrada [NR] Derecho ambiental
9 (RLIN) 12703
650 04 - ASIENTO SECUNDARIO DE MATERIA - TERMINO TEMATICO [R]
Término temático o nombre geográfico como elemento de entrada [NR] Derecho ambiental
Subdivisión general [R] Legislación
Subdivisión geográfica [R] Europa
9 (RLIN) 12703
650 04 - ASIENTO SECUNDARIO DE MATERIA - TERMINO TEMATICO [R]
Término temático o nombre geográfico como elemento de entrada [NR] Protección del medio ambiente
Subdivisión general [R] Legislación
Subdivisión geográfica [R] Europa
9 (RLIN) 22643
942 ## - ELEMENTOS DE ENTRADA AGREGADOS (KOHA)
Tipo de ítem principal el descrito en 300a Libro
Tema principal Derecho
Edición 2
Parte restante de la signatura top. S37
Sistema de clasificación DEWEY
Clasificación 341.762
Existencias
Fecha de último préstamo Total préstamos Total Renewals Signatura topográfica Código de barras Última vez visto Volúmen / Fascículo Ejemplar Price effective from Tipo de ítem Perdido Sistema de clasificación Dañado No prestable Tipo de ítem específico Suprimido Ubicación habitual Ubicación actual Localización Fecha de creación Forma de adquisición Costo
27/01/2018 24 2 341.762 S37 100044385 08/06/2024 2a. Ed. Ej.1 03/02/2013 Libro   DEWEY     Libro   Bodega Bodega 3er piso 28/02/2003 Compra 104200.00